| Tag |
First Indicator |
Second Indicator |
Subfields |
| LEADER |
00000cam a2200000 a 4500 |
| 001 |
in00000002374 |
| 005 |
20151007050918.0 |
| 008 |
990511s1999 dcua f000 0 eng d |
| 035 |
|
|
|a (OCoLC)41340921
|
| 035 |
|
|
|9 AJF6650AM
|
| 040 |
|
|
|a GPO
|c GPO
|d DLC
|d MvI
|d UtOrBLW
|
| 043 |
|
|
|a n-us-mi
|
| 049 |
|
|
|a UDOC
|
| 074 |
|
|
|a 0120
|
| 086 |
0 |
|
|a A 57.2:G 76/11
|
| 245 |
0 |
0 |
|a Establishing cool season grasses and legumes for conservation cover.
|
| 264 |
|
1 |
|a [Washington, D.C.?] :
|b USDA Natural Resources Conservation Service,
|c [1999]
|
| 300 |
|
|
|a 4 unnumbered pages :
|b color illustrations ;
|c 28 cm.
|
| 336 |
|
|
|a text
|b txt
|2 rdacontent
|
| 337 |
|
|
|a unmediated
|b n
|2 rdamedia
|
| 338 |
|
|
|a volume
|b nc
|2 rdacarrier
|
| 490 |
1 |
|
|a Conservation management sheet ;
|v 327
|
| 500 |
|
|
|a Caption title.
|
| 500 |
|
|
|a Shipping list number: 99-0168-P.
|
| 500 |
|
|
|a "February 1999."
|
| 650 |
|
0 |
|a Soil conservation
|z Michigan.
|
| 650 |
|
0 |
|a Soil erosion
|z Michigan
|x Prevention.
|
| 650 |
|
0 |
|a Water conservation
|z Michigan.
|
| 710 |
1 |
|
|a United States.
|b Natural Resources Conservation Service.
|
| 830 |
|
0 |
|a Conservation management sheet ;
|v 327.
|
| 999 |
|
|
|a MARS
|
| 999 |
f |
f |
|s e1680a9b-4419-3c5d-bc74-1b8ca3b74c30
|i eeaa138b-967d-3c83-94d2-801348e67915
|t 0
|
| 952 |
f |
f |
|p normal
|a Texas A&M University
|b College Station
|c Sterling C. Evans Library
|d Evans: US Documents (Annex 5th floor)
|t 0
|e A 57.2:G 76/11
|h Superintendent of Documents classification
|i unmediated -- volume
|m A14824464427
|
| 998 |
f |
f |
|a A 57.2:G 76/11
|t 0
|l Evans: US Documents (Annex 5th floor)
|